[Event "Mar del Plata"]
[Site "Mar del Plata"]
[Date "1971.??.??"]
[Round "8"]
[White "Najdorf, Miguel"]
[Black "Juarez, Carlos Eleodoro"]
[Result "1-0"]
[WhiteElo "2530"]
[BlackElo "2340"]

1.c4 e6 2.g3 c5 3.Nf3 b6 4.Bg2 Bb7 5.O-O Nf6 6.b3 g6 7.Bb2 Bg7 8.d3 d5 9.e3 O-O
10.Qe2 Nc6 11.Rd1 Qc7 12.Nc3 Rac8 13.cxd5 exd5 14.d4 Na5 15.Rac1 c4 16.Ba3 Rfd8
17.Nb5 Qb8 18.Be7 cxb3 19.Bxd8 Rxd8 20.Ne5 bxa2 21.Qxa2 Ne8 22.Nc3 Nc7 23.e4 Qa8
24.Nxd5 Nxd5 25.exd5 Bxd5 26.Bxd5 Rxd5 27.Nc6  1-0

[Event "Buenos Aires CA"]
[Site "Buenos Aires"]
[Date "1972.??.??"]
[Round "6"]
[White "Rubinetti, Jorge A"]
[Black "Juarez, Carlos Eleodoro"]
[Result "1-0"]
[WhiteElo "2410"]
[BlackElo "2320"]

1.Nf3 e6 2.g3 b6 3.Bg2 Bb7 4.O-O c5 5.c4 Nf6 6.Nc3 g6 7.d4 cxd4 8.Qxd4 Nc6
9.Qf4 Bg7 10.e4 O-O 11.Rd1 Ne8 12.Qd2 Na5 13.b3 Qe7 14.Bb2 Bc6 15.Nd4 Bb7
16.Ndb5 a6 17.Ba3 d6 18.Nxd6 Nxd6 19.Bxd6 Qd7 20.e5 Rfd8 21.Ne4 Bxe4 22.Bxe4 Nc6
23.Qe2 Rac8 24.f4 Qe8 25.Rd2 f6 26.exf6 Bxf6 27.Rad1 Bc3 28.Rd3 Bf6 29.h4 Kf7
30.Qf3 a5 31.Bxc6 Rxc6 32.Be5 Rxd3 33.Rxd3 Be7 34.Kg2 Bf6 35.h5 Be7 36.Rd1 Bf6
37.hxg6+ Kxg6 38.Qg4+ Kf7 39.Qh5+  1-0

[Event "Sao Paulo zt"]
[Site "Sao Paulo"]
[Date "1972.??.??"]
[Round "8"]
[White "Panno, Oscar"]
[Black "Juarez, Carlos Eleodoro"]
[Result "1/2-1/2"]
[WhiteElo "2570"]
[BlackElo "2340"]

1.Nf3 c5 2.c4 Nf6 3.g3 b6 4.Bg2 Bb7 5.O-O e6 6.Nc3 Be7 7.d4 d5 8.Ne5 O-O
9.dxc5 Bxc5 10.Bg5 h6 11.Bxf6 Qxf6 12.Nd3 Bd4 13.Nf4 Bxc3 14.bxc3 g5 15.Nh5 Qg6
16.g4 Nd7 17.cxd5 Bxd5 18.Bxd5 exd5 19.Qxd5 Nf6 20.Qf3 Nxh5 21.gxh5 Qe6 22.Rfd1 Rae8
23.e3 Rc8 24.Rd3 Rfd8  1/2-1/2

[Event "Stary Smokovec"]
[Site "Stary Smokovec"]
[Date "1972.??.??"]
[Round "11"]
[White "Pribyl, Josef"]
[Black "Plachetka, Jan"]
[Result "0-1"]
[WhiteElo "2435"]
[BlackElo "2370"]

1.c4 e6 2.Nf3 Nf6 3.g3 b6 4.Bg2 Bb7 5.O-O c5 6.b3 Be7 7.Bb2 O-O 8.Nc3 Nc6
9.e3 d5 10.cxd5 exd5 11.d4 Ne4 12.dxc5 Bf6 13.Qc1 Nxc5 14.Rd1 Nb4 15.Ne1 Rc8
16.Qd2 Qe7 17.Ne2 Bxb2 18.Qxb2 Ne4 19.a3 Na6 20.Nd3 Nac5 21.Ndf4 Rfd8 22.Rac1 Nf6
23.Bh3 Rb8 24.Nd4 Qe5 25.b4 Nce4 26.Qb3 g6 27.Rc2 Nd6 28.Nc6 Bxc6 29.Rxc6 Nde4
30.Rd4 Ng5 31.Bg2 Ne6 32.Nxe6 fxe6 33.Bh3 Rd6 34.f4 Qxd4 35.Rxd6 Qd2 36.Bxe6+ Kg7
37.Rc6 Re8 38.g4 Rxe6 39.Rxe6 Nxg4 40.Re7+ Kf6  0-1

[Event "ARG-ch"]
[Site "Santa Fe"]
[Date "1973.??.??"]
[Round "2"]
[White "Bronstein, Luis"]
[Black "Debarnot, Roberto"]
[Result "0-1"]
[WhiteElo "2365"]
[BlackElo "2405"]

1.Nf3 Nf6 2.c4 e6 3.g3 b6 4.Bg2 Bb7 5.O-O c5 6.Nc3 Nc6 7.e4 d6 8.d4 cxd4
9.Nxd4 Qd7 10.b3 Be7 11.Bb2 O-O 12.Nc2 Rac8 13.Ne3 a6 14.Qe2 b5 15.Rad1 bxc4
16.Nxc4 Qc7 17.Rd2 Rfd8 18.Rfd1 Ne5 19.Ne3 h5 20.h3 h4 21.f4 Ng6 22.f5 Ne5
23.gxh4 Qa5 24.Rc2 Rd7 25.Na4 Rxc2 26.Qxc2 Rc7 27.Bc3 Qb5 28.Ng4 Nfxg4 29.hxg4 Nxg4
30.Bf1 Qe5 31.Bxe5 Rxc2 32.Bxd6 Bxd6 33.Rxd6 exf5 34.Rd8+ Kh7 35.Rd7 Bxe4
36.Rxf7 Ne5  0-1

[Event "ARG-ch"]
[Site "Santa Fe"]
[Date "1973.??.??"]
[Round "11"]
[White "Szmetan, Jorge"]
[Black "Sanguineti, Raul"]
[Result "1/2-1/2"]
[WhiteElo "2390"]
[BlackElo "2530"]

1.Nf3 Nf6 2.c4 c5 3.g3 b6 4.Bg2 Bb7 5.O-O e6 6.Nc3 Nc6 7.e4 Rc8 8.b3 Be7
9.e5 Ng4 10.h3 Nh6 11.d4 Nxd4 12.Nxd4 Bxg2 13.Nxe6 dxe6 14.Kxg2 Nf5 15.Bb2 O-O
16.Qxd8 Rfxd8 17.Rfd1 Nd4 18.Rd3 Nc2 19.Rxd8+ Rxd8 20.Rd1 Nb4 21.Rxd8+ Bxd8
22.f4 f6 23.Kf3 fxe5 24.fxe5 Bc7 25.Ke4 Kf7 26.a3 Nc6 27.Nb1 Bd8 28.Bc3 Bg5
29.b4 cxb4 30.axb4 a6 31.Bd4 Nxb4 32.Bxb6 Nc6 33.Nc3 Bd2 34.Na4 Be1 35.g4 Kg6
36.Bc7 Bb4 37.Bd6 a5 38.Kf4 Bd2+ 39.Kf3 Kf7 40.Ke4 Be1  1/2-1/2

[Event "Nice olm fin-A"]
[Site "Nice"]
[Date "1974.??.??"]
[Round "5"]
[White "Reshevsky, Samuel Herman"]
[Black "Sax, Gyula"]
[Result "1/2-1/2"]
[WhiteElo "2550"]
[BlackElo "2505"]

1.Nf3 c5 2.c4 e6 3.g3 b6 4.Bg2 Bb7 5.O-O Nf6 6.b3 Be7 7.Bb2 O-O 8.d4 d5 9.cxd5 Bxd5
10.dxc5 Bxc5 11.Nbd2 Nc6 12.Ne4 Be7 13.Nd4 Rc8 14.Rc1 Ne8 15.Nxc6 Bxc6 16.Qd4 f6  1/2-1/2

[Event "BCF-ch"]
[Site "Morecambe"]
[Date "1975.08.13"]
[Round "9"]
[White "Webb, Simon"]
[Black "Hartston, William R"]
[Result "1/2-1/2"]
[WhiteElo "2385"]
[BlackElo "2475"]

1.Nf3 c5 2.c4 b6 3.g3 Bb7 4.Bg2 Nf6 5.O-O e6 6.b3 Be7 7.Bb2 O-O 8.e3 d5 9.Ne5 Nc6
10.Qe2 Nxe5 11.Bxe5 Qd7 12.Rd1 Rfd8 13.d3  1/2-1/2

[Event "CSR-ch"]
[Site "Brno"]
[Date "1975.??.??"]
[Round "10"]
[White "Rukavina, Josip"]
[Black "Barcza, Gedeon"]
[Result "1/2-1/2"]
[WhiteElo "2455"]
[BlackElo "2460"]

1.Nf3 Nf6 2.c4 c5 3.g3 b6 4.Bg2 Bb7 5.O-O e6 6.d4 Be7 7.Nc3 O-O 8.d5 exd5
9.Ng5 Na6 10.Nh3 Qc8 11.cxd5 d6 12.e4 Qd7 13.f4 Rad8 14.Nf2 Bc8 15.Bf3 Nc7
16.Be3 b5 17.Rc1 b4 18.Nb1 Qb5 19.Nd2 Ba6 20.Nc4 Qb8 21.Na5 Bb5 22.Be2 Qb6
23.Nc4 Bxc4 24.Bxc4 Nd7 25.a3 bxa3 26.bxa3 Nb5 27.Qd3 Nd4 28.Rb1 Qc7 29.Rfc1 Rb8
30.Kg2 Qa5 31.Bxd4 cxd4 32.Qxd4 Qxa3 33.Ra1 Bf6 34.Qxa7 Qxa7 35.Rxa7 Nc5
36.Ra2 Rfe8 37.Be2 Nxe4 38.Nxe4 Rxe4  1/2-1/2

[Event "ARG-ch"]
[Site "Buenos Aires"]
[Date "1975.??.??"]
[Round "3"]
[White "Garcia, Raimundo"]
[Black "Barea, Luis"]
[Result "1/2-1/2"]
[WhiteElo "2455"]
[BlackElo "2200"]

1.Nf3 Nf6 2.c4 e6 3.g3 b6 4.Bg2 Bb7 5.O-O c5 6.b3 Be7 7.Bb2 O-O 8.e3 d6 9.Qe2 Nbd7
10.Rd1 Qc7 11.Nc3 a6 12.Rac1 Rac8 13.d4 Ne4 14.Nxe4 Bxe4 15.Nd2 Bxg2 16.Kxg2 Qb7+
17.Qf3 Qxf3+ 18.Nxf3 Rfd8 19.d5 e5 20.e4 g6 21.Ne1 Nf6 22.f3 Nh5 23.Nd3 Bg5
24.Rc2 f5 25.exf5 gxf5 26.f4 exf4 27.gxf4 Bf6 28.Kf3 Kf7 29.Rg1 Rg8 30.Rcg2 Rxg2
31.Rxg2 Rg8 32.Rxg8 Kxg8 33.Bc1  1/2-1/2

[Event "ARG-ch"]
[Site "Buenos Aires"]
[Date "1975.??.??"]
[Round "12"]
[White "Panno, Oscar"]
[Black "Miana, Elias"]
[Result "1-0"]
[WhiteElo "2545"]
[BlackElo "2200"]

1.Nf3 e6 2.g3 b6 3.Bg2 Bb7 4.c4 c5 5.O-O Nf6 6.b3 Be7 7.Bb2 O-O 8.Nc3 d6
9.d4 Ne4 10.Qc2 Nxc3 11.Bxc3 Nd7 12.Rad1 Qc7 13.e4 Bf6 14.Rfe1 e5 15.d5 Rae8
16.Re2 Bc8 17.Ne1 Qd8 18.Nd3 Nb8 19.Rf1 g5 20.f4 gxf4 21.gxf4 Bg4 22.Re3 Kh8
23.fxe5 Bxe5 24.Rg3 Bh5 25.Rf5 Bg6 26.Nxe5 dxe5 27.Rxe5 f6 28.Rxe8 Rxe8 29.Qf2 Nd7
30.Bh3 Ne5 31.Bf5 Bxf5 32.Qxf5 Qe7 33.Kf2 Nd7 34.Ke3 Ne5 35.h4 Nd7 36.h5 Ne5
37.h6 Rg8 38.Bxe5 fxe5 39.Rxg8+ Kxg8 40.Qg4+ Kh8 41.Qc8+  1-0

[Event "HUN-ch"]
[Site "?"]
[Date "1975.??.??"]
[Round "?"]
[White "Flesch, Janos"]
[Black "Tompa, Janos"]
[Result "1-0"]
[WhiteElo "2385"]
[BlackElo "2415"]

1.Nf3 Nf6 2.c4 e6 3.g3 b6 4.Bg2 Bb7 5.O-O c5 6.b3 Be7 7.Bb2 O-O 8.Nc3 d5
9.e3 Nbd7 10.Qe2 Ne4 11.cxd5 exd5 12.d4 Bf6 13.Rfd1 Nxc3 14.Bxc3 Rc8 15.Bh3 Rc7
16.Rac1 Re8 17.Qb2 c4 18.Nd2 cxb3 19.axb3 Be7 20.Qa1 Bc8 21.Bb2 Nf6 22.Rxc7 Qxc7
23.Rc1 Qb7 24.Bxc8 Rxc8 25.Rxc8+ Qxc8 26.Qxa7 Bb4 27.Nf3 Nd7 28.Ba3 Bc3 29.Bd6 f6
30.Bc7 Ba5 31.Kg2 Qe8 32.Bd6 g5 33.b4 Qe4 34.Qxd7 g4 35.Qc8+ Kf7 36.Qf8+  1-0

[Event "HUN-ch"]
[Site "?"]
[Date "1975.??.??"]
[Round "?"]
[White "Bilek, Istvan"]
[Black "Csom, Istvan"]
[Result "1/2-1/2"]
[WhiteElo "2495"]
[BlackElo "2530"]

1.c4 Nf6 2.Nf3 b6 3.g3 c5 4.Bg2 Bb7 5.O-O e6 6.b3 Be7 7.Bb2 O-O 8.e3 d6 9.Qe2 Qc7
10.Nc3 a6 11.Rad1 Nbd7 12.e4 Ne5 13.Nxe5 dxe5 14.f4 Nd7 15.f5 Bf6 16.Qg4 Rae8
17.Ne2 Qd8 18.fxe6 fxe6 19.Rf3 Nb8 20.d3 Nc6 21.h4 Bc8 22.Bh3 Qd7 23.Rdf1 Bd8
24.Rxf8+ Rxf8 25.Rxf8+ Kxf8 26.Qf3+ Kg8 27.Kf2 Bc7 28.Bc3 Bd6 29.Ke1 b5 30.Bf1 Qc7
31.Kd1 Bd7 32.Bd2 b4 33.Ke1 a5 34.h5 Qd8 35.Qg4 Be7 36.Ng1 Nd4 37.Be2 a4
38.Bd1 axb3 39.axb3  1/2-1/2

[Event "HUN-ch"]
[Site "?"]
[Date "1975.??.??"]
[Round "?"]
[White "Cserna, Laszlo"]
[Black "Portisch, Lajos"]
[Result "0-1"]
[WhiteElo "2200"]
[BlackElo "2635"]

1.Nf3 e6 2.c4 b6 3.g3 Bb7 4.Bg2 c5 5.O-O Nf6 6.Nc3 Be7 7.d4 cxd4 8.Qxd4 d6
9.e4 a6 10.Rd1 Nbd7 11.Qe3 Qc7 12.b3 O-O 13.Bb2 Rac8 14.Rac1 Qb8 15.Nd4 Rfe8
16.h3 Bf8 17.f4 e5 18.Nf5 d5 19.fxe5 Bc5 20.Nd4 Nxe4 21.Nxd5 Qxe5 22.b4 Bf8
23.Qxe4 Qxe4 24.Bxe4 Rxe4 25.Nc3 Ree8 26.Nf5 Ne5 27.Nd5 Bxd5 28.cxd5 Rxc1
29.Bxc1 Bxb4 30.Kg2 f6 31.Nd4 Rd8 32.Nf3 Nc4 33.Rd4 b5 34.a4 Bc5 35.Rd3 b4  0-1

[Event "URS-chT"]
[Site "Riga"]
[Date "1975.??.??"]
[Round "?"]
[White "Krogius, Nikolai V"]
[Black "Shmit, Anatoly"]
[Result "1-0"]
[WhiteElo "2570"]
[BlackElo "2200"]

1.Nf3 Nf6 2.c4 e6 3.g3 b6 4.Bg2 Bb7 5.O-O c5 6.Nc3 Be7 7.d4 cxd4 8.Qxd4 Nc6
9.Qf4 O-O 10.Rd1 Qb8 11.e4 d6 12.b3 Ne5 13.Ba3 Rd8 14.Qe3 Nfg4 15.Qe2 Nxf3+
16.Bxf3 Ne5 17.Bg2 a6 18.f4 Nc6 19.Nd5 b5 20.Nxe7+ Nxe7 21.Rac1 Bc6 22.Qf2 b4
23.Bb2 f6 24.Rd2 Qc7 25.Rcd1 a5 26.Bh3 e5 27.c5 dxc5 28.fxe5 fxe5 29.Qxc5 Rxd2
30.Rxd2 Qb7 31.Bxe5 Ng6 32.Bb2 Nf8 33.Rf2 Re8 34.Qc4+  1-0

[Event "URS-chT"]
[Site "Riga"]
[Date "1975.??.??"]
[Round "?"]
[White "Krogius, Nikolai V"]
[Black "Giorgadze, Tamaz"]
[Result "1/2-1/2"]
[WhiteElo "2570"]
[BlackElo "2440"]

1.Nf3 Nf6 2.c4 c5 3.g3 b6 4.Bg2 Bb7 5.O-O e6 6.Nc3 Be7 7.d4 cxd4 8.Qxd4 O-O
9.Rd1 Nc6 10.Qf4 Qb8 11.Qxb8 Raxb8 12.Bf4 Rbc8 13.Ne5 d6 14.Nxc6 Bxc6 15.Bxd6 Bxd6
16.Rxd6 Bxg2 17.Kxg2 Rxc4 18.Rad1 g5 19.h3 Rfc8 20.f3 Kg7 21.e4 b5 22.e5 Nd5
23.Nxd5 Rc2+ 24.Kf1 exd5 25.R6xd5 Rxb2 26.R1d2 Rxd2 27.Rxd2 Rc3 28.Rd7 Rxf3+
29.Kg2 Ra3 30.e6 Kf8 31.Rxf7+ Ke8 32.Rxh7 b4 33.Rb7 a5 34.h4 gxh4 35.gxh4 Rxa2+
36.Kf3 Rh2 37.Rb5 b3 38.Rxa5 Rxh4 39.Rb5 Ke7 40.Ke3 Kxe6  1/2-1/2

[Event "Hoogovens-B"]
[Site "Wijk aan Zee"]
[Date "1975.??.??"]
[Round "7"]
[White "Ek, Hans"]
[Black "Bohm, Hans"]
[Result "1/2-1/2"]
[WhiteElo "2345"]
[BlackElo "2300"]

1.Nf3 Nf6 2.c4 b6 3.g3 Bb7 4.Bg2 e6 5.O-O c5 6.Nc3 d5 7.cxd5 Nxd5 8.Ne5 Nxc3
9.dxc3 Qxd1 10.Rxd1 Bxg2 11.Kxg2 f6 12.Nc4 Nc6 13.a4 Rd8 14.Rxd8+ Kxd8 15.Bf4 e5
16.Rd1+ Kc7 17.Bc1 Be7 18.f4 a6 19.fxe5 fxe5 20.Ne3 Rd8 21.Rxd8 Bxd8 22.Kf3 Bg5
23.Ke4 Bxe3 24.Bxe3 Kd6 25.g4 Na5 26.b4 Nc4 27.bxc5+ bxc5 28.Bf2 g6 29.h3 Nd2+
30.Kd3 Nb3 31.Be1 Na5 32.c4 e4+ 33.Kxe4 Nxc4 34.Kf4 h6 35.Bc3 Nb6 36.Bg7 Nd5+
37.Kg3 h5 38.gxh5 gxh5 39.Kh4 Nf4 40.e3 Ng2+ 41.Kxh5 Nxe3 42.Kg5 Ke6 43.h4  1/2-1/2

[Event "Capablanca mem-A 13th"]
[Site "Cienfuegos"]
[Date "1976.05.19"]
[Round "3"]
[White "Garcia Gonzales, Guillermo"]
[Black "Bellon Lopez, Juan Manuel"]
[Result "1-0"]
[WhiteElo "2475"]
[BlackElo "2475"]

1.Nf3 c5 2.c4 Nf6 3.g3 b6 4.Bg2 Bb7 5.O-O e6 6.Nc3 Be7 7.d4 cxd4 8.Qxd4 O-O
9.Rd1 Na6 10.Bf4 Rc8 11.Rac1 d5 12.Ne5 Bc5 13.Qd2 Qe7 14.Bg5 h6 15.Bxf6 Qxf6
16.Qf4 Qxf4 17.gxf4 Rfd8 18.cxd5 exd5 19.Bxd5 Bxd5 20.Nxd5 f6 21.Nc4 Nc7
22.Nxc7 Rxd1+ 23.Rxd1 Rxc7 24.e3 b5 25.Nd2 Bb6 26.Nb3 Rc2 27.Rd2 Rc4 28.Nd4 Bxd4
29.Rxd4 Rc2 30.Rb4 a6 31.e4 Kf7 32.Kg2 Ke7 33.a4 Rc5 34.axb5 axb5 35.f5 Kd6
36.Kf3 Kc6 37.Rb3 Kb6 38.Rc3 Re5 39.b4 Re7 40.Kf4 Ra7 41.Rg3 Kc6 42.f3 h5
43.Rg2 Kd6 44.Rd2+ Kc6 45.Rc2+ Kb6 46.Rg2 Kc6 47.h3 Kd6 48.Rd2+ Kc6 49.Rc2+ Kb6
50.Rg2 Kc6 51.Rg6 Re7 52.Rg1 Ra7 53.Rc1+ Kb6 54.e5 Ra4 55.Rb1 fxe5+ 56.Kxe5 Ra3
57.Rg1 Rxf3 58.Rg6+ Kc7 59.Rxg7+ Kd8 60.Rb7 Rxh3 61.Kf6 Rh1 62.Rxb5 h4 63.Rb8+ Kd7
64.Rb5 Kc6 65.Rc5+ Kb6 66.Re5 h3 67.Re2 h2 68.Ke6  1-0

[Event "Capablanca mem-B 13th"]
[Site "Cienfuegos"]
[Date "1976.05.22"]
[Round "6"]
[White "Hernandez, Jose de Jesus"]
[Black "Pesantes Carbajal, Carlos"]
[Result "1-0"]
[WhiteElo "2300"]
[BlackElo "2325"]

1.Nf3 Nf6 2.c4 e6 3.g3 b6 4.Bg2 Bb7 5.O-O c5 6.b3 d6 7.Nc3 Be7 8.d4 O-O 9.Bb2 a6
10.Re1 Qc7 11.e4 cxd4 12.Qxd4 Nc6 13.Qd2 Rfd8 14.Rac1 Ne5 15.Nd4 Rac8 16.Kh1 Nfd7
17.Qe2 Nc5 18.Red1 Bf6 19.f4 Nc6 20.Nf3 Na7 21.Nd5 exd5 22.Bxf6 Re8 23.cxd5 gxf6
24.Nh4 Qd8 25.Nf5 Kh8 26.Qh5 Rg8 27.Nh6 Rg7 28.Nxf7+ Rxf7 29.Qxf7 Rc7 30.Qh5 Re7
31.Qe2 Qe8 32.Qb2 Kg7 33.e5 fxe5 34.b4 Nd7 35.Rc7 Nf6 36.Rxe7+ Qxe7 37.fxe5 dxe5
38.d6 Bxg2+ 39.Kxg2 Qb7+ 40.Kg1 Nc6 41.Rc1 Kf8 42.Qf2 Kg7 43.Qc2 Nd7 44.Qxc6 Qxc6
45.Rxc6 Kf6 46.Rc7 Ke6 47.Ra7 Kxd6 48.Rxa6 h5 49.a4 Kc6 50.Ra7 Nf6 51.a5 Nd5
52.Rh7 Nxb4 53.Rh6+  1-0

[Event "Capablanca mem-C 13th"]
[Site "Cienfuegos"]
[Date "1976.05.24"]
[Round "8"]
[White "Quinones, Oscar Carillo"]
[Black "Fraguela Gil, Jose Miguel"]
[Result "1/2-1/2"]
[WhiteElo "2350"]
[BlackElo "2380"]

1.Nf3 Nf6 2.c4 c5 3.g3 b6 4.Bg2 Bb7 5.O-O e6 6.Nc3 Be7 7.d4 cxd4 8.Qxd4 O-O
9.Rd1 Nc6 10.Qf4 Qb8 11.Qxb8 Raxb8 12.Bf4 Rbc8 13.Ne5 Rfd8  1/2-1/2

[Event "HUN-ch"]
[Site "Budapest"]
[Date "1976.??.??"]
[Round "14"]
[White "Sapi, Laszlo"]
[Black "Pinter, Jozsef"]
[Result "0-1"]
[WhiteElo "2395"]
[BlackElo "2420"]

1.Nf3 c5 2.c4 Nf6 3.g3 b6 4.Bg2 Bb7 5.O-O e6 6.Nc3 Be7 7.d4 cxd4 8.Qxd4 d6
9.Rd1 a6 10.Ng5 Bxg2 11.Kxg2 O-O 12.Nge4 Ne8 13.b3 Nd7 14.Ba3 Nc5 15.Rac1 Qb8
16.Kg1 Qb7 17.b4 Nxe4 18.Nxe4 b5 19.Nd2 Bg5 20.e3 f5 21.Qd3 Rd8 22.Qc3 h5
23.Bb2 Bf6 24.Qb3 Bxb2 25.Qxb2 h4 26.c5 dxc5 27.bxc5 Qc6 28.gxh4 Nf6 29.Nb3 Rxd1+
30.Rxd1 Qf3 31.Rd6 Qg4+ 32.Kf1 Ne4 33.Qe5 Qf3 34.Qb2 Nxd6 35.cxd6 Qd1+ 36.Kg2 Qxd6
37.Nd4 Qd5+ 38.f3 f4 39.e4 Qe5 40.Qb4 a5  0-1

[Event "WchT U26 fin-A"]
[Site "Caracas"]
[Date "1976.??.??"]
[Round "2"]
[White "Sunye Neto, Jaime"]
[Black "Garcia Gonzales, Guillermo"]
[Result "1-0"]
[WhiteElo "2265"]
[BlackElo "2475"]

1.Nf3 Nf6 2.c4 c5 3.g3 b6 4.Bg2 Bb7 5.O-O e6 6.Nc3 Be7 7.d4 cxd4 8.Qxd4 d6
9.Rd1 O-O 10.b3 Nbd7 11.Bb2 a6 12.Nd2 Bxg2 13.Kxg2 Qc7 14.Nde4 Rfd8 15.Nxf6+ Nxf6
16.a4 Bf8 17.Qf4 Nd7 18.Ne4 Ne5 19.Rac1 Rac8 20.Rd2 Qb8 21.Rcd1 Ng6 22.Qf3 h6
23.h4 f5 24.Qh5 Ne5 25.Bxe5 dxe5 26.Nf6+ Kh8 27.Qg6  1-0

[Event "DSV-Turnier"]
[Site "Halle"]
[Date "1976.??.??"]
[Round "?"]
[White "Espig, Lutz"]
[Black "Augustin, Josef"]
[Result "1/2-1/2"]
[WhiteElo "2480"]
[BlackElo "2405"]

1.Nf3 Nf6 2.c4 e6 3.g3 b6 4.Bg2 Bb7 5.O-O c5 6.Nc3 a6 7.b3 Qc7 8.d4 cxd4
9.Qxd4 d6 10.Bb2 Nbd7 11.Rac1 Be7 12.h3 O-O 13.Rfd1 Rfe8 14.Qe3 Rad8 15.Nd4 Bxg2
16.Kxg2 Rb8 17.Kg1 Bf8 18.Ne4 Nxe4 19.Qxe4 Qb7 20.Qxb7 Rxb7 21.e4 b5 22.f3 g6
23.Ne2 Ra8 24.Kf2  1/2-1/2

[Event "DSV-Turnier"]
[Site "Halle"]
[Date "1976.??.??"]
[Round "?"]
[White "Schmidt, Wlodzimierz"]
[Black "Boensch, Uwe"]
[Result "1/2-1/2"]
[WhiteElo "2485"]
[BlackElo "2365"]

1.Nf3 Nf6 2.c4 b6 3.g3 c5 4.Bg2 Bb7 5.O-O e6 6.Nc3 a6 7.d4 cxd4 8.Qxd4 d6
9.Rd1 Be7 10.b3 Nbd7 11.Bb2 O-O 12.e4 Qc7 13.Rac1 Rfe8 14.Qe3 Bf8 15.Nd4 Rad8  1/2-1/2

[Event "SWE-ch"]
[Site "SWE"]
[Date "1976.??.??"]
[Round "?"]
[White "Kinnmark, Ove"]
[Black "Ekstroem, Roland"]
[Result "1/2-1/2"]
[WhiteElo "2390"]
[BlackElo "2400"]

1.Nf3 Nf6 2.g3 b6 3.Bg2 Bb7 4.O-O c5 5.c4 e6 6.b3 Be7 7.Bb2 O-O 8.Nc3 Nc6
9.d4 Nxd4 10.Nxd4 Bxg2 11.Kxg2 cxd4 12.Qxd4 d6 13.Kg1 a6 14.Rfd1 Qc7 15.Ne4 Rfd8
16.Nxf6+  1/2-1/2

[Event "Yerevan"]
[Site "Yerevan"]
[Date "1976.??.??"]
[Round "?"]
[White "Petrosian, Arshak B"]
[Black "Grigorian, Karen Ashotovich"]
[Result "1/2-1/2"]
[WhiteElo "2325"]
[BlackElo "2485"]

1.Nf3 c5 2.c4 Nf6 3.g3 b6 4.Bg2 Bb7 5.O-O e6 6.Nc3 Be7 7.Re1 O-O 8.e4 d6
9.d4 cxd4 10.Nxd4 Qc8 11.b3 a6 12.Bb2 Nbd7 13.Qd2 Re8 14.Rad1 Qc7 15.h3 Rad8
16.g4 g6 17.Kh1 e5 18.Nc2 Nc5 19.Nb4 Ne6 20.Nd3 Qb8 21.Nd5 Nd7 22.Nxe7+ Rxe7
23.f4 Ndc5 24.Nxc5 bxc5 25.f5 Nd4 26.Qh6 f6 27.fxg6 Rf8 28.Rf1 Qd8 29.g5 Rg7
30.gxf6 Rxg6 31.f7+ Kh8 32.Qh5 Qe7 33.b4 Rxf7 34.bxc5 Rxf1+ 35.Rxf1 dxc5
36.Bc1 Qg7 37.Qh4 h6 38.Qf2 Ne6 39.Kh2 Nf4 40.Bxf4 exf4 41.Bh1 Rb6  1/2-1/2

[Event "Tungsram"]
[Site "Budapest"]
[Date "1977.??.??"]
[Round "?"]
[White "Vadasz, Laszlo"]
[Black "Ornstein, Axel"]
[Result "1/2-1/2"]
[WhiteElo "2495"]
[BlackElo "2440"]

1.Nf3 Nf6 2.g3 b6 3.Bg2 Bb7 4.c4 c5 5.O-O e6 6.Nc3 Be7 7.d4 cxd4 8.Qxd4 d6
9.Rd1 Nbd7 10.Nb5 d5 11.cxd5 Bxd5 12.Nc3 Bb7 13.Qa4 a6 14.Ne5 Bxg2 15.Kxg2 Qc8
16.Nxd7 Nxd7 17.f3 b5 18.Qg4 h5 19.Qd4 Bf6 20.Qe3 Qc6 21.Ne4 Be7 22.Bd2 Nb6
23.Rac1 Qb7 24.Nc5 Qd5 25.b3 O-O 26.Ba5 Nc4 27.bxc4 Qxc5 28.Qxc5 Bxc5  1/2-1/2

[Event "HUN-ch"]
[Site "Budapest"]
[Date "1977.??.??"]
[Round "?"]
[White "Schneider, Attila"]
[Black "Eperjesi, Laszlo"]
[Result "1-0"]
[WhiteElo "2390"]
[BlackElo "2400"]

1.Nf3 Nf6 2.c4 c5 3.g3 b6 4.Bg2 Bb7 5.O-O e6 6.b3 Be7 7.Bb2 O-O 8.e3 d5 9.Nc3 Nc6
10.cxd5 Nxd5 11.Nxd5 Qxd5 12.d4 Na5 13.Ba3 Rac8 14.Qe2 Rc7 15.Rac1 Rfc8 16.dxc5 Bxc5
17.Rfd1 Qh5 18.b4 Be7 19.Rxc7 Rxc7 20.Qd3 h6 21.bxa5 Bxf3 22.Bxe7 Rxe7 23.Rc1 Re8
24.Qd7 Rf8 25.Bxf3 Qxf3 26.Qxa7 bxa5 27.Qxa5 Ra8 28.Qd2 h5 29.h4 Qg4 30.Rc5 Rb8
31.Qc2 g6 32.a4 Kh7 33.Kg2 Ra8 34.a5 Kh6 35.Qc3 Qe4+ 36.f3 Qb1 37.Rc8 Rxc8
38.Qxc8 Qb2+ 39.Kh3 Kg7 40.Qc4 Qf2 41.a6 Qg1 42.g4 e5 43.Qe2 Qh1+ 44.Kg3 g5
45.gxh5 gxh4+ 46.Kg4 h3 47.Kg3 Kf6 48.a7  1-0

[Event "Tungsram"]
[Site "Budapest"]
[Date "1977.??.??"]
[Round "?"]
[White "Schmidt, Wlodzimierz"]
[Black "Csom, Istvan"]
[Result "1-0"]
[WhiteElo "2490"]
[BlackElo "2535"]

1.Nf3 Nf6 2.c4 b6 3.g3 Bb7 4.Bg2 c5 5.O-O e6 6.Nc3 d6 7.Re1 a6 8.d3 Be7 9.e4 O-O
10.b3 Nc6 11.d4 cxd4 12.Nxd4 Qc7 13.Bb2 Nxd4 14.Qxd4 Bc6 15.Rac1 Qb7 16.Qe3 Rfe8
17.a4 Rac8 18.h3 Qa8 19.Red1 Nd7 20.Ba1 Bf8 21.Qd4 Qb8 22.Rb1 Nc5 23.Re1 Rc7
24.Qe3 d5 25.cxd5 exd5 26.e5 d4 27.Qxd4 Bxg2 28.Kxg2 Rd7 29.Qe3 Nd3 30.Re2 Bc5
31.Qg5 Qb7+ 32.f3 h6 33.Qh5 Bd4 34.e6 Rxe6 35.Rxe6 fxe6 36.Qe8+ Kh7 37.Qxe6 Nc5
38.Qf5+ g6 39.Qc2 Be3 40.Rd1 Bd4 41.b4 Ne6 42.Qe4 Bg7 43.Qxb7 Rxb7 44.Nd5 a5
45.Bxg7 Kxg7 46.Rb1 Rd7 47.Nxb6 Rd2+ 48.Kf1 axb4 49.Rxb4 Nd4 50.f4 Nf5 51.g4 Ne3+
52.Ke1 Ra2 53.Re4 Ng2+ 54.Kd1 g5 55.fxg5 hxg5 56.Kc1 Nf4 57.Re3 Rh2 58.Kb1 Rh1+
59.Ka2 Rh2+ 60.Kb3 Nxh3 61.a5 Nf4 62.a6 Rh6 63.Re7+ Kf6 64.a7 Kxe7 65.Nc8+ Kf6
66.a8=Q Rh3+ 67.Kc4 Rh4 68.Qa1+ Kf7 69.Qe5 Ng6 70.Nd6+ Kg8 71.Qe6+  1-0

[Event "Tungsram"]
[Site "Budapest"]
[Date "1977.??.??"]
[Round "?"]
[White "Pinter, Jozsef"]
[Black "Gipslis, Aivars"]
[Result "1/2-1/2"]
[WhiteElo "2445"]
[BlackElo "2535"]

1.Nf3 Nf6 2.g3 b6 3.Bg2 Bb7 4.O-O e6 5.c4 c5 6.Nc3 Be7 7.d3 d5 8.e3 O-O 9.b3 Nbd7
10.Bb2 Qc7 11.Qe2 Rad8 12.Rac1 Qb8 13.Rfd1  1/2-1/2

[Event "CSR-ch int"]
[Site "Decin"]
[Date "1977.??.??"]
[Round "1"]
[White "Rukavina, Josip"]
[Black "Augustin, Josef"]
[Result "1/2-1/2"]
[WhiteElo "2410"]
[BlackElo "2445"]

1.c4 Nf6 2.Nf3 e6 3.g3 b6 4.Bg2 Bb7 5.O-O c5 6.Nc3 a6 7.d4 cxd4 8.Qxd4 d6
9.b3 Nbd7 10.Bb2 Be7 11.Rfd1 Qc7 12.Rac1 O-O 13.Qe3 Rfe8 14.Nd4 Bxg2 15.Kxg2 h6
16.Kg1 Bf8 17.Ne4 Ng4 18.Qc3 Nc5 19.Qc2 Ne5 20.Nf3 Nxf3+ 21.exf3 Qc6  1/2-1/2

[Event "CSR-ch int"]
[Site "Decin"]
[Date "1977.??.??"]
[Round "10"]
[White "Fernandez, Juan C"]
[Black "Meduna, Eduard"]
[Result "0-1"]
[WhiteElo "2420"]
[BlackElo "2390"]

1.c4 c5 2.Nf3 Nf6 3.g3 b6 4.Bg2 Bb7 5.O-O e6 6.Nc3 d6 7.Re1 a6 8.e4 Be7 9.d4 cxd4
10.Nxd4 Qc7 11.Be3 Nbd7 12.f4 O-O 13.Rc1 Rfe8 14.g4 Nf8 15.g5 N6d7 16.h4 Rac8
17.b3 Qd8 18.Qg4 e5 19.Nf5 exf4 20.Qxf4 Ne5 21.Red1 Ne6 22.Qg3 Bf8 23.Nd5 Bxd5
24.Rxd5 g6 25.Nh6+ Bxh6 26.gxh6 b5 27.c5 Rc6 28.cxd6 Rxc1+ 29.Bxc1 Nd7 30.Bh3 Nf6
31.d7 Nxd7 32.Bb2 Qb6+ 33.Kh1 Qc6 34.Qf2 f5 35.Bxf5 gxf5 36.Qg2+ Kf7 37.exf5 Ng5
38.hxg5 Re1+ 39.Kh2 Qc7+ 40.Kh3 Qf4 41.Bd4 Re4 42.Bf2 Ne5 43.Rxe5 Qxe5 44.Qf3 Qf4
45.Qh5+ Kg8 46.Bg3 Qf1+  0-1

[Event "SVK-ch"]
[Site "Detva"]
[Date "1977.??.??"]
[Round "13"]
[White "Banas, Jan"]
[Black "Husek, Zdenek"]
[Result "1/2-1/2"]
[WhiteElo "2330"]
[BlackElo "2140"]

1.Nf3 Nf6 2.c4 b6 3.g3 Bb7 4.Bg2 e6 5.O-O c5 6.d4 d5 7.Nc3 Be7 8.Ne5 O-O
9.cxd5 cxd4 10.Qxd4 Nxd5 11.Nxd5 Bxd5 12.Bxd5 Qxd5 13.Qxd5 exd5 14.Rd1 Rd8
15.Bf4 f6 16.Nf3 Nc6 17.Rac1 Bc5 18.a3 a5 19.h4 Ra7 20.Kf1 Kf7 21.Ne1 Ne5
22.Bxe5 fxe5 23.Nd3 Bd6 24.Rc6 Rb7 25.e4 Bb8 26.Nc1 d4 27.Nd3 Ke7 28.Rdc1 Rf8
29.Ke2 Kd7 30.a4 Bd6 31.R6c2 Rbb8 32.Rf1 Rbc8 33.Rxc8 Rxc8 34.Rc1 Rf8 35.Rc4 Rf7
36.Rc2 Rf8 37.Rc1  1/2-1/2

[Event "DDR-ch 26th"]
[Site "Frankfurt/Oder"]
[Date "1977.??.??"]
[Round "6"]
[White "Liebert, Heinz"]
[Black "Espig, Thomas"]
[Result "1-0"]
[WhiteElo "2405"]
[BlackElo "2320"]

1.Nf3 Nf6 2.g3 b6 3.Bg2 Bb7 4.c4 c5 5.O-O e6 6.Nc3 Be7 7.d4 cxd4 8.Qxd4 d6
9.b3 O-O 10.Ba3 d5 11.Bxe7 Qxe7 12.cxd5 Nxd5 13.Nxd5 Bxd5 14.Ne5 Bxg2 15.Kxg2 f6
16.Qe4 Nd7 17.Nxd7 Qxd7 18.Rfd1 Qe7 19.Rac1 e5 20.Qd5+ Qf7 21.Rc7 Qxd5+ 22.Rxd5 Rf7
23.Rxf7 Kxf7 24.Rd7+ Kg6 25.Rb7 f5 26.Kf3 Kf6 27.e4 g6 28.Rxh7 Rc8 29.exf5 Rc3+
30.Kg2 gxf5 31.Rxa7 e4 32.Rb7 Rc2 33.Rxb6+ Kf7 34.Kf1 Rb2 35.h4  1-0

[Event "DDR-ch 26th"]
[Site "Frankfurt/Oder"]
[Date "1977.??.??"]
[Round "14"]
[White "Vogt, Lothar"]
[Black "Schurade, Matthias"]
[Result "1-0"]
[WhiteElo "2485"]
[BlackElo "2195"]

1.Nf3 c5 2.c4 Nf6 3.g3 b6 4.Bg2 Bb7 5.O-O e6 6.Nc3 Be7 7.d4 cxd4 8.Qxd4 O-O
9.Rd1 Qc8 10.Bf4 Nc6 11.Qd2 Na5 12.b3 Bb4 13.Be5 Ne4 14.Qb2 d5 15.Bxg7 dxc4
16.Nxe4 Bxe4 17.bxc4 Re8 18.Qxb4 Kxg7 19.c5 Qb7 20.Rd6 Bd5 21.Ne5 Rad8 22.Qg4+ Kf8
23.Bxd5 exd5 24.Nd7+  1-0